The Bye-Laws (Constitution) and Bio-Data of Members of M/S Civil Officer Pensioners Society Churachandpur (Record no. 4497)

MARC details
000 -LEADER
fixed length control field 00607nam a22001817a 4500
003 - CONTROL NUMBER IDENTIFIER
control field GBCCL
005 - DATE AND TIME OF LATEST TRANSACTION
control field 20241126110519.0
008 - FIXED-LENGTH DATA ELEMENTS--GENERAL INFORMATION
fixed length control field 180123b xxu||||| |||| 00| 0 eng d
040 ## - CATALOGING SOURCE
Transcribing agency gbc
082 ## - DEWEY DECIMAL CLASSIFICATION NUMBER
Classification number 301
Item number COP
110 ## - MAIN ENTRY--CORPORATE NAME
Corporate name or jurisdiction name as entry element Civil Officer Pensioners Society
9 (RLIN) 11271
245 ## - TITLE STATEMENT
Title The Bye-Laws (Constitution) and Bio-Data of Members of M/S Civil Officer Pensioners Society Churachandpur
260 ## - PUBLICATION, DISTRIBUTION, ETC.
Place of publication, distribution, etc. Churachandpur:
Name of publisher, distributor, etc. C.O. Pensioners Society,
Date of publication, distribution, etc. 2007
300 ## - PHYSICAL DESCRIPTION
Extent 129 p.;
Other physical details ill.,
Dimensions 20 cm.
650 ## - SUBJECT ADDED ENTRY--TOPICAL TERM
Topical term or geographic name entry element Civil Officer Pensioners Society
Geographic subdivision Manipur
-- India
9 (RLIN) 11272
650 ## - SUBJECT ADDED ENTRY--TOPICAL TERM
Topical term or geographic name entry element Bye laws
9 (RLIN) 11273
942 ## - ADDED ENTRY ELEMENTS (KOHA)
Source of classification or shelving scheme Dewey Decimal Classification
Koha item type Books
Holdings
Withdrawn status Lost status Source of classification or shelving scheme Damaged status Not for loan Home library Current Library Shelving location Date acquired Total checkouts Full call number Barcode Date last seen Copy number Price effective from Koha item type
    Dewey Decimal Classification     GRACE BIBLE COLLEGE GRACE BIBLE COLLEGE North East Collection 2018-05-08   301 COP 010408 2025-05-01 c.1 2018-01-23 Books
    Dewey Decimal Classification     GRACE BIBLE COLLEGE GRACE BIBLE COLLEGE North East Collection 2018-05-08   301 COP 010409 2025-05-01 c.2 2018-01-23 Books
    Dewey Decimal Classification     GRACE BIBLE COLLEGE GRACE BIBLE COLLEGE North East Collection 2018-05-08   301 COP 010410 2025-05-01 c.3 2018-01-23 Books
© Grace Bible College Library 2025